000 00659nam a2200193 i 4500
001 47444
003 ES-MaACL
005 20251128123626.0
007 t|
008 030425s1925 xxu |||| | spa d
100 1 _aBécquer, Gustavo Adolfo,
_d1836-1870
_926974
245 1 2 _aA Quintana -Corona de oro- 1855
_b: poema desconocido de Gustavo Adolfo Bécquer /
_cpor Franz Schneider.
260 _a[California :
_bUniversity,
_c1925]
300 _aP. 237-246 ;
_c24 cm.
500 _aReimp. de Hispania, v. VIII, n. 4, octubre 1925.
700 1 _aSchneider, Franz,
_d1883-1976
_9104557
852 _aES-MaACL
_j1600-F-28
999 _c47444
_d47444